000
00225nam a2200097Ia 4500
008
171211s9999 xx 000 0 und d
245
_a
Ship Spotter’s Guide
245
_c
Angus Konstam
260
_c
2014
650
_x
Military
999
_c
348295
_d
348295